000 00239nam a22000857a 4500
008 170620b xxu||||| |||| 00| 0 eng d
100 _93573
_aSushong,S.C
245 _aRadiologic Science for Technologists class 9
260 _aMosby
_bElsevier
_c2008
999 _c6959
_d6959